000 00514nam a2200181Ia 4500
001 20200
005 20260306172748.0
008 260306t2015||||xx |||||||||||||| ||spa||
041 _aESP
082 _a343
_bC32
100 _aCasas, C. Ignacio de
_eAUT
245 0 _aLos derechos humanos de las personas jurídicas:
_btitularidad de derechos y legitimación en el sistema interamericano
260 _c2015
300 _a453 páginas :
_c21 cm.
650 _aGEN
654 _aCDE
942 _cLIB
_dJUS
_fJUS
_2ddc
_n
999 _c20200
_d20200